02199 2200289 4500001002100000005001500021035002000036007000300056008004100059020001400100020001800114082001000132084001600142100003000158245006900188250002000257300002500277700002900302520141600331600002001747600000801767264004401775336002101819337003001840338002301870990001601893INLIS00000000000185620260625025212 a0010-0626000553ta260625 0 ind  a719090795 a9786230000454 a649.1 a649.1 NUR i0 aNurul ChomariaePengarang1 aIbu yang kucinta /cNurul Chomaria, S.Psi ; editor, Julia Suzana acetakan pertama a112 halaman ;c21 cm0 aJulia SuzanaePenyunting aIbu merupakan madrasah bagi anak-anaknya. Dari ibu lah, anak-anak pertama kali mendapatkan pelajaran pertamanya. Berhubung para ibu mempunyai jam kerja yang panjang di rumah, tidak mustahil ibu lah yang banyak berinteraksi dengan anaknya. Sehingga baik/buruk sang anak ada di tangan ibunya. Rasulullah bersabda, “Tiap diri kalian adalah pemimpin, seorang wanita adalah pemimpin di rumah tangga suaminya dan anak-anaknya, dan ia bertanggung jawab atas apa yang dipimpinnya.” Nah, kalau kita mengingat hadits ini, maka suatu ketika kita dimintai pertanggungjawaban oleh Allah atas apa yang telah kita pimpin (menjaga kehormatan, harta suami, serta mendidik anak-anak). Anak adalah amanah dari Allah. Tidak semua perempuan diamanahi Allah untuk bisa mengandung, melahirkan, serta merawat anak. Bagaimana mungkin, kita yang telah dipercaya Allah akan mengkhianati-Nya, dengan menyia-nyiakan amanah itu? Kita hendaknya bersyukur atas status kita sekarang, yaitu menjadi seorang ibu. Peran yang kita sandang begitu mulia, karena semua ibu ibaratnya menjadi pendidik sehingga bisa mempersiapkan generasi penerus yang berkualitas. Antara kita dan suami bisa berjihad dengan bekerja sama mengelola keluarga. Dengan keyakinan ini, kita bisa termotivasi untuk bersungguh-sungguh menjalankan peran kita sebagai seorang istri/ibu, sehingga rumah tangga yang sakinah, mawwadah, serta rahmah, bisa terwujud, aamiiin. 4aPengasuhan anak 4aIbu aJakarta :bElex Media Komputindo,c2019 2rdacontentateks 2rdamediaatanpa perantara 2rdacarrieravolume aSP003614/19